{"text_format":"1","workbook":"xlsx","n_sheets":2,"sheets":["Данные","Лист1"],"not_rendered":{"charts":0,"images":0,"macros":1,"external_links":0,"defined_names":4,"comments":0,"pivot_tables":0},"unopened":[],"bounds":{"document_bytes":16777216,"sheet_cells":100000,"rows_first":2000,"rows_last":500,"rows_between":2000,"halvings":0,"cell_chars":16384,"cell_head_chars":4096},"cells_cut":0,"cells_raw":0,"read":"whole","date_system":"1900"}

{"sheet":"Данные","index":0,"n_rows":198,"n_cols":10,"rows_kept":198,"cut":false,"hidden":false,"merged":[[1,0,1,9]]}
[null,null,null,null,null,null,null,null,"Приложение №1"]
["Перечень актуальных и готовых к реализации невостребованных МТР"]
[]
["Наименование лота","Наименование ОГ","№ лота","№ позиции","Наименование неликвидных (НЛ) и невостребованных ликвидных (НВЛ) материалов","Ед. изм","Количество","Мин. цена реализации за ед., руб., без НДС ","Сумма, руб. без НДС","Место нахождения"]
["Проволока","ПАО АНК \"Башнефть\" \"Башнефть-Новойл\"",1,1,"Проволока 0.8-О-Ч- ГОСТ 3282","КГ",314.8,25,{"$f":"G5*H5","v":7870},"450045, г. Уфа, ПАО АНК \"Башнефть\" \"Башнефть-Новойл\""]
["Проволока","ПАО АНК \"Башнефть\" \"Башнефть-Новойл\"",1,2,"Проволока 1,2 Св-08Г2С","Т",0.89800000000000002,27720,24892.560000000001,"450045, г. Уфа, ПАО АНК \"Башнефть\" \"Башнефть-Новойл\""]
["Проволока","ПАО АНК \"Башнефть\" \"Башнефть-Новойл\"",1,3,"Проволока 2,0 Св-08Г2С","Т",6.8000000000000005E-2,39915.339999999997,2714.2431200000001,"450045, г. Уфа, ПАО АНК \"Башнефть\" \"Башнефть-Новойл\""]
["Проволока","ПАО АНК \"Башнефть\" \"Башнефть-Новойл\"",1,4,"Проволока 2,0 Св-08Г2С","Т",0.03,39915.339999999997,1197.4601999999998,"450045, г. Уфа, ПАО АНК \"Башнефть\" \"Башнефть-Новойл\""]
["Проволока","ПАО АНК \"Башнефть\" \"Башнефть-Новойл\"",1,5,"Проволока 2,0 Св-08Г2С","Т",5.0999999999999997E-2,39915.339999999997,2035.6823399999996,"450045, г. Уфа, ПАО АНК \"Башнефть\" \"Башнефть-Новойл\""]
["Проволока","ПАО АНК \"Башнефть\" \"Башнефть-Новойл\"",1,6,"Проволока 2,0 Св-08Г2С","Т",0.214,39915.339999999997,8541.8827599999986,"450045, г. Уфа, ПАО АНК \"Башнефть\" \"Башнефть-Новойл\""]
["Проволока","ПАО АНК \"Башнефть\" \"Башнефть-Новойл\"",1,7,"Проволока OK Autrod 12.51 1.2mm 18kg","Т",6.0000000000000001E-3,58976.2,353.85719999999998,"450045, г. Уфа, ПАО АНК \"Башнефть\" \"Башнефть-Новойл\""]
["Проволока","ПАО АНК \"Башнефть\" \"Башнефть-Новойл\"",1,8,"Проволока 0.8-О-Ч ГОСТ 3282","КГ",114,25,2850,"450045, г. Уфа, ПАО АНК \"Башнефть\" \"Башнефть-Новойл\""]
["Проволока","ПАО АНК \"Башнефть\" \"Башнефть-Новойл\"",1,9,"Проволока 1,2 Св-08Г2С","Т",3.383,27720,93776.76,"450045, г. Уфа, ПАО АНК \"Башнефть\" \"Башнефть-Новойл\""]
["Проволока","ПАО АНК \"Башнефть\" \"Башнефть-Новойл\"",1,10,"Проволока 1,2 Св-08Г2С","Т",0.99,27720,27442.799999999999,"450045, г. Уфа, ПАО АНК \"Башнефть\" \"Башнефть-Новойл\""]
["Проволока","ПАО АНК \"Башнефть\" \"Башнефть-Новойл\"",1,11,"Проволока 1,2 Св-08Г2С","Т",6.7000000000000004E-2,27720,1857.24,"450045, г. Уфа, ПАО АНК \"Башнефть\" \"Башнефть-Новойл\""]
["Проволока","ПАО АНК \"Башнефть\" \"Башнефть-Новойл\"",1,12,"Проволока 1,6 Св-08Г2С","Т",5.3999999999999999E-2,27720,1496.8799999999999,"450045, г. Уфа, ПАО АНК \"Башнефть\" \"Башнефть-Новойл\""]
["Проволока","ПАО АНК \"Башнефть\" \"Башнефть-Новойл\"",1,13,"Проволока 2,0 Св-08Г2С","Т",1.073,39915.339999999997,42829.159819999993,"450045, г. Уфа, ПАО АНК \"Башнефть\" \"Башнефть-Новойл\""]
["Проволока","ПАО АНК \"Башнефть\" \"Башнефть-Новойл\"",1,14,"Проволока 3-О-Ч ГОСТ 3282","КГ",5,32.81,164.05,"450045, г. Уфа, ПАО АНК \"Башнефть\" \"Башнефть-Новойл\""]
["Проволока","ПАО АНК \"Башнефть\" \"Башнефть-Новойл\"",1,15,"Проволока OK Autrod 12.51 1.2mm 18kg","Т",4.0620000000000003,58976.2,239561.32440000001,"450045, г. Уфа, ПАО АНК \"Башнефть\" \"Башнефть-Новойл\""]
["Проволока","ПАО АНК \"Башнефть\" \"Башнефть-Новойл\"",1,16,"Проволока СВ-08 2мм ГОСТ 2246","КГ",58.3,39.130000000000003,2281.279,"450045, г. Уфа, ПАО АНК \"Башнефть\" \"Башнефть-Новойл\""]
["Электрод ОК","ПАО АНК \"Башнефть\" \"Башнефть-Новойл\"",2,17,"Электрод ESAB OK 61.80 3.2мм","КГ",1.8,495.98,892.76400000000001,"450045, г. Уфа, ПАО АНК \"Башнефть\" \"Башнефть-Новойл\""]
["Электрод ОК","ПАО АНК \"Башнефть\" \"Башнефть-Новойл\"",2,18,"Электрод ESAB OK 63.80 3.2мм","КГ",141.4,684.25,96752.95,"450045, г. Уфа, ПАО АНК \"Башнефть\" \"Башнефть-Новойл\""]
["Электрод ОК","ПАО АНК \"Башнефть\" \"Башнефть-Новойл\"",2,19,"Электрод ESAB OK 63.80 4мм","КГ",467.5,811.76,379497.8,"450045, г. Уфа, ПАО АНК \"Башнефть\" \"Башнефть-Новойл\""]
["Электрод ОК","ПАО АНК \"Башнефть\" \"Башнефть-Новойл\"",2,20,"Электрод ESAB OK 63.80 4мм","КГ",56.1,798.79,44812.118999999999,"450045, г. Уфа, ПАО АНК \"Башнефть\" \"Башнефть-Новойл\""]
["Электрод ОК","ПАО АНК \"Башнефть\" \"Башнефть-Новойл\"",2,21,"Электрод ESAB OK 63.85 3,2мм 63853230T","КГ",38,713.52,27113.759999999998,"450045, г. Уфа, ПАО АНК \"Башнефть\" \"Башнефть-Новойл\""]
["Электрод ОК","ПАО АНК \"Башнефть\" \"Башнефть-Новойл\"",2,22,"Электрод ESAB OK 69.33 3,2мм","КГ",3.6,1314.44,4731.9840000000004,"450045, г. Уфа, ПАО АНК \"Башнефть\" \"Башнефть-Новойл\""]
["Электрод ОК","ПАО АНК \"Башнефть\" \"Башнефть-Новойл\"",2,23,"Электрод ESAB OK 76.18 3,2мм","КГ",53.7,269.77999999999997,14487.186,"450045, г. Уфа, ПАО АНК \"Башнефть\" \"Башнефть-Новойл\""]
["Электрод ОК","ПАО АНК \"Башнефть\" \"Башнефть-Новойл\"",2,24,"Электрод ESAB OK 76.28 -3,2x350мм","КГ",161.30000000000001,284.81,45939.853000000003,"450045, г. Уфа, ПАО АНК \"Башнефть\" \"Башнефть-Новойл\""]
["Электрод ОК","ПАО АНК \"Башнефть\" \"Башнефть-Новойл\"",2,25,"Электрод ESAB OK 76.28 -4,0х450мм","КГ",34.200000000000003,253.14,8657.3880000000008,"450045, г. Уфа, ПАО АНК \"Башнефть\" \"Башнефть-Новойл\""]
["Электрод ОК","ПАО АНК \"Башнефть\" \"Башнефть-Новойл\"",2,26,"Электрод OK 76.96 3,2мм","КГ",18.7,288.95999999999998,5403.5519999999997,"450045, г. Уфа, ПАО АНК \"Башнефть\" \"Башнефть-Новойл\""]
["Электрод ОК","ПАО АНК \"Башнефть\" \"Башнефть-Новойл\"",2,27,"Электрод ОК-76.35 - 4,0Х450мм","КГ",3.9,356.6,1390.74,"450045, г. Уфа, ПАО АНК \"Башнефть\" \"Башнефть-Новойл\""]
["Электрод ОК","ПАО АНК \"Башнефть\" \"Башнефть-Новойл\"",2,28,"Электрод ESAB OK 76.18 3,2мм","КГ",20,269.77999999999997,5395.5999999999995,"450045, г. Уфа, ПАО АНК \"Башнефть\" \"Башнефть-Новойл\""]
["Электрод ОК","ПАО АНК \"Башнефть\" \"Башнефть-Новойл\"",2,29,"Электрод ESAB OK 76.28 -3,2x350мм","КГ",64,284.81,18227.84,"450045, г. Уфа, ПАО АНК \"Башнефть\" \"Башнефть-Новойл\""]
["Электрод ОК","ПАО АНК \"Башнефть\" \"Башнефть-Новойл\"",2,30,"Электрод ESAB OK 76.28 -3,2x350мм","КГ",8,284.81,2278.48,"450045, г. Уфа, ПАО АНК \"Башнефть\" \"Башнефть-Новойл\""]
["Электрод ОК","ПАО АНК \"Башнефть\" \"Башнефть-Новойл\"",2,31,"Электрод ESAB OK 76.28 -3,2x350мм","КГ",8,284.81,2278.48,"450045, г. Уфа, ПАО АНК \"Башнефть\" \"Башнефть-Новойл\""]
["Электрод ОК","ПАО АНК \"Башнефть\" \"Башнефть-Новойл\"",2,32,"Электрод ESAB OK 76.28 -3,2x350мм","КГ",7,284.81,1993.67,"450045, г. Уфа, ПАО АНК \"Башнефть\" \"Башнефть-Новойл\""]
["Электрод ОК","ПАО АНК \"Башнефть\" \"Башнефть-Новойл\"",2,33,"Электрод ESAB OK 76.28 -3,2x350мм","КГ",4.9850000000000003,284.81,1419.7778500000002,"450045, г. Уфа, ПАО АНК \"Башнефть\" \"Башнефть-Новойл\""]
["Электрод ОК","ПАО АНК \"Башнефть\" \"Башнефть-Новойл\"",2,34,"Электрод ESAB OK 76.28 -3,2x350мм","КГ",4.2,284.81,1196.202,"450045, г. Уфа, ПАО АНК \"Башнефть\" \"Башнефть-Новойл\""]
["Электрод ОК","ПАО АНК \"Башнефть\" \"Башнефть-Новойл\"",2,35,"Электрод ESAB OK 76.28 -3,2x350мм","КГ",3,284.81,854.43000000000006,"450045, г. Уфа, ПАО АНК \"Башнефть\" \"Башнефть-Новойл\""]
["Электрод ОК","ПАО АНК \"Башнефть\" \"Башнефть-Новойл\"",2,36,"Электрод ESAB OK 76.28 -3,2x350мм","КГ",3,284.81,854.43000000000006,"450045, г. Уфа, ПАО АНК \"Башнефть\" \"Башнефть-Новойл\""]
["Электрод ОК","ПАО АНК \"Башнефть\" \"Башнефть-Новойл\"",2,37,"Электрод ESAB OK 76.28 -3,2x350мм","КГ",3,284.81,854.43000000000006,"450045, г. Уфа, ПАО АНК \"Башнефть\" \"Башнефть-Новойл\""]
["Электрод ОК","ПАО АНК \"Башнефть\" \"Башнефть-Новойл\"",2,38,"Электрод ESAB OK 76.28 -3,2x350мм","КГ",3,284.81,854.43000000000006,"450045, г. Уфа, ПАО АНК \"Башнефть\" \"Башнефть-Новойл\""]
["Электрод ОК","ПАО АНК \"Башнефть\" \"Башнефть-Новойл\"",2,39,"Электрод ESAB OK 76.28 -3,2x350мм","КГ",3,284.81,854.43000000000006,"450045, г. Уфа, ПАО АНК \"Башнефть\" \"Башнефть-Новойл\""]
["Электрод ОК","ПАО АНК \"Башнефть\" \"Башнефть-Новойл\"",2,40,"Электрод ESAB OK 76.28 -3,2x350мм","КГ",3,284.81,854.43000000000006,"450045, г. Уфа, ПАО АНК \"Башнефть\" \"Башнефть-Новойл\""]
["Электрод ОК","ПАО АНК \"Башнефть\" \"Башнефть-Новойл\"",2,41,"Электрод ESAB OK 76.28 -3,2x350мм","КГ",1.1000000000000001,284.81,313.29100000000005,"450045, г. Уфа, ПАО АНК \"Башнефть\" \"Башнефть-Новойл\""]
["Электрод ОК","ПАО АНК \"Башнефть\" \"Башнефть-Новойл\"",2,42,"Электрод ESAB OK 76.28 -3,2x350мм","КГ",0.1,284.81,28.481000000000002,"450045, г. Уфа, ПАО АНК \"Башнефть\" \"Башнефть-Новойл\""]
["Электрод ОК","ПАО АНК \"Башнефть\" \"Башнефть-Новойл\"",2,43,"Электрод ESAB OK 76.28 -3,2x350мм","КГ",0.1,284.81,28.481000000000002,"450045, г. Уфа, ПАО АНК \"Башнефть\" \"Башнефть-Новойл\""]
["Электрод ОК","ПАО АНК \"Башнефть\" \"Башнефть-Новойл\"",2,44,"Электрод ESAB OK 76.28 -4,0х450мм","КГ",30,253.14,7594.2,"450045, г. Уфа, ПАО АНК \"Башнефть\" \"Башнефть-Новойл\""]
["Электрод ОК","ПАО АНК \"Башнефть\" \"Башнефть-Новойл\"",2,45,"Электрод ESAB OK 76.28 -4,0х450мм","КГ",30,253.14,7594.2,"450045, г. Уфа, ПАО АНК \"Башнефть\" \"Башнефть-Новойл\""]
["Электрод ОК","ПАО АНК \"Башнефть\" \"Башнефть-Новойл\"",2,46,"Электрод ESAB OK 76.28 -4,0х450мм","КГ",27.7,253.14,7011.9779999999992,"450045, г. Уфа, ПАО АНК \"Башнефть\" \"Башнефть-Новойл\""]
["Электрод ОК","ПАО АНК \"Башнефть\" \"Башнефть-Новойл\"",2,47,"Электрод ОК-76.35 - 3,2","КГ",10,348.41,3484.1000000000004,"450045, г. Уфа, ПАО АНК \"Башнефть\" \"Башнефть-Новойл\""]
["Электрод ОК","ПАО АНК \"Башнефть\" \"Башнефть-Новойл\"",2,48,"Электрод ОК-76.35 - 3,2","КГ",8,348.41,2787.28,"450045, г. Уфа, ПАО АНК \"Башнефть\" \"Башнефть-Новойл\""]
["Электрод ОК","ПАО АНК \"Башнефть\" \"Башнефть-Новойл\"",2,49,"Электрод ОК-76.35 - 3,2","КГ",10.8,348.41,3762.8280000000004,"450045, г. Уфа, ПАО АНК \"Башнефть\" \"Башнефть-Новойл\""]
["Электрод ОК","ПАО АНК \"Башнефть\" \"Башнефть-Новойл\"",2,50,"Электрод ОК-76.35 - 4,0Х450мм","КГ",40,328.26,13130.4,"450045, г. Уфа, ПАО АНК \"Башнефть\" \"Башнефть-Новойл\""]
["Электрод ОК","ПАО АНК \"Башнефть\" \"Башнефть-Новойл\"",2,51,"Электрод ОК-76.35 - 4,0Х450мм","КГ",36,328.26,11817.36,"450045, г. Уфа, ПАО АНК \"Башнефть\" \"Башнефть-Новойл\""]
["Электрод ОК","ПАО АНК \"Башнефть\" \"Башнефть-Новойл\"",2,52,"Электрод ОК-76.35 - 4,0Х450мм","КГ",10,328.26,3282.6,"450045, г. Уфа, ПАО АНК \"Башнефть\" \"Башнефть-Новойл\""]
["Электрод ОК","ПАО АНК \"Башнефть\" \"Башнефть-Новойл\"",2,53,"Электрод ОК-76.35 - 4,0Х450мм","КГ",6,328.26,1969.56,"450045, г. Уфа, ПАО АНК \"Башнефть\" \"Башнефть-Новойл\""]
["Электрод ОЗЛ, ЦЛ","ПАО АНК \"Башнефть\" \"Башнефть-Новойл\"",3,54,"Электрод ОЗЛ-17У - 3 -ВД","КГ",20,755.19,15103.800000000001,"450045, г. Уфа, ПАО АНК \"Башнефть\" \"Башнефть-Новойл\""]
["Электрод ОЗЛ, ЦЛ","ПАО АНК \"Башнефть\" \"Башнефть-Новойл\"",3,55,"Электрод ОЗЛ-17У 4мм ГОСТ 9466","КГ",15,755.19,11327.85,"450045, г. Уфа, ПАО АНК \"Башнефть\" \"Башнефть-Новойл\""]
["Электрод ОЗЛ, ЦЛ","ПАО АНК \"Башнефть\" \"Башнефть-Новойл\"",3,56,"Электрод ОЗЛ-8-3","КГ",10,180.6,1806,"450045, г. Уфа, ПАО АНК \"Башнефть\" \"Башнефть-Новойл\""]
["Электрод ОЗЛ, ЦЛ","ПАО АНК \"Башнефть\" \"Башнефть-Новойл\"",3,57,"Электрод ОЗЛ-8-3","КГ",12,180.6,2167.1999999999998,"450045, г. Уфа, ПАО АНК \"Башнефть\" \"Башнефть-Новойл\""]
["Электрод ОЗЛ, ЦЛ","ПАО АНК \"Башнефть\" \"Башнефть-Новойл\"",3,58,"Электрод ОЗЛ-8-3","КГ",5,180.6,903,"450045, г. Уфа, ПАО АНК \"Башнефть\" \"Башнефть-Новойл\""]
["Электрод ОЗЛ, ЦЛ","ПАО АНК \"Башнефть\" \"Башнефть-Новойл\"",3,59,"Электрод ОЗЛ-8-3","КГ",2.7,180.6,487.62,"450045, г. Уфа, ПАО АНК \"Башнефть\" \"Башнефть-Новойл\""]
["Электрод ОЗЛ, ЦЛ","ПАО АНК \"Башнефть\" \"Башнефть-Новойл\"",3,60,"Электрод ЦЛ-11 - 3","КГ",15.3,208.13,{"$f":"G64*H64","v":3184.3890000000001},"450045, г. Уфа, ПАО АНК \"Башнефть\" \"Башнефть-Новойл\""]
["Электрод ОЗЛ, ЦЛ","ПАО АНК \"Башнефть\" \"Башнефть-Новойл\"",3,61,"Электрод ЦЛ-11 - 4","КГ",35,133.97999999999999,4689.2999999999993,"450045, г. Уфа, ПАО АНК \"Башнефть\" \"Башнефть-Новойл\""]
["Электрод ОЗЛ, ЦЛ","ПАО АНК \"Башнефть\" \"Башнефть-Новойл\"",3,62,"Электрод ЦЛ-11 - 4","КГ",3,133.97999999999999,401.93999999999994,"450045, г. Уфа, ПАО АНК \"Башнефть\" \"Башнефть-Новойл\""]
["Электрод ОЗЛ, ЦЛ","ПАО АНК \"Башнефть\" \"Башнефть-Новойл\"",3,63,"Электрод ЦЛ-17 - 3","КГ",8.4,172.24,1446.816,"450045, г. Уфа, ПАО АНК \"Башнефть\" \"Башнефть-Новойл\""]
["Электрод ОЗЛ, ЦЛ","ПАО АНК \"Башнефть\" \"Башнефть-Новойл\"",3,64,"Электрод ЦТ-15 - 4","КГ",10,129.36000000000001,1293.6000000000001,"450045, г. Уфа, ПАО АНК \"Башнефть\" \"Башнефть-Новойл\""]
["Электрод ОЗЛ, ЦЛ","ПАО АНК \"Башнефть\" \"Башнефть-Новойл\"",3,65,"Электрод Э-04Х20Н9 ОЗЛ-36 4мм ГОСТ 9467","КГ",10,247.78,2477.8000000000002,"450045, г. Уфа, ПАО АНК \"Башнефть\" \"Башнефть-Новойл\""]
["Электрод ОЗЛ, ЦЛ","ПАО АНК \"Башнефть\" \"Башнефть-Новойл\"",3,66,"Электрод ОЗЛ-8-3","КГ",10,180.6,1806,"450045, г. Уфа, ПАО АНК \"Башнефть\" \"Башнефть-Новойл\""]
["Электрод ОЗЛ, ЦЛ","ПАО АНК \"Башнефть\" \"Башнефть-Новойл\"",3,67,"Электрод ОЗЛ-8-3","КГ",10,180.6,1806,"450045, г. Уфа, ПАО АНК \"Башнефть\" \"Башнефть-Новойл\""]
["Электрод ОЗЛ, ЦЛ","ПАО АНК \"Башнефть\" \"Башнефть-Новойл\"",3,68,"Электрод ОЗЛ-8-3","КГ",11.38,180.6,2055.2280000000001,"450045, г. Уфа, ПАО АНК \"Башнефть\" \"Башнефть-Новойл\""]
["Электрод ОЗЛ, ЦЛ","ПАО АНК \"Башнефть\" \"Башнефть-Новойл\"",3,69,"Электрод ОЗЛ-8-3","КГ",10,180.6,1806,"450045, г. Уфа, ПАО АНК \"Башнефть\" \"Башнефть-Новойл\""]
["Электрод ОЗЛ, ЦЛ","ПАО АНК \"Башнефть\" \"Башнефть-Новойл\"",3,70,"Электрод ОЗЛ-8-3","КГ",10,180.6,1806,"450045, г. Уфа, ПАО АНК \"Башнефть\" \"Башнефть-Новойл\""]
["Электрод ОЗЛ, ЦЛ","ПАО АНК \"Башнефть\" \"Башнефть-Новойл\"",3,71,"Электрод ОЗЛ-8-3","КГ",3,180.6,541.79999999999995,"450045, г. Уфа, ПАО АНК \"Башнефть\" \"Башнефть-Новойл\""]
["Электрод ОЗЛ, ЦЛ","ПАО АНК \"Башнефть\" \"Башнефть-Новойл\"",3,72,"Электрод ОЗЛ-8-3","КГ",43,180.6,7765.8,"450045, г. Уфа, ПАО АНК \"Башнефть\" \"Башнефть-Новойл\""]
["Электрод ОЗЛ, ЦЛ","ПАО АНК \"Башнефть\" \"Башнефть-Новойл\"",3,73,"Электрод ОЗЛ-8-3","КГ",10,180.6,1806,"450045, г. Уфа, ПАО АНК \"Башнефть\" \"Башнефть-Новойл\""]
["Электрод ОЗЛ, ЦЛ","ПАО АНК \"Башнефть\" \"Башнефть-Новойл\"",3,74,"Электрод ОЗЛ-8-3","КГ",2.38,180.6,429.82799999999997,"450045, г. Уфа, ПАО АНК \"Башнефть\" \"Башнефть-Новойл\""]
["Электрод ОЗЛ, ЦЛ","ПАО АНК \"Башнефть\" \"Башнефть-Новойл\"",3,75,"Электрод ОЗЛ-8-3","КГ",2,180.6,361.2,"450045, г. Уфа, ПАО АНК \"Башнефть\" \"Башнефть-Новойл\""]
["Электрод ОЗЛ, ЦЛ","ПАО АНК \"Башнефть\" \"Башнефть-Новойл\"",3,76,"Электрод ОЗЛ-8-3","КГ",1.56,180.6,281.73599999999999,"450045, г. Уфа, ПАО АНК \"Башнефть\" \"Башнефть-Новойл\""]
["Электрод ОЗЛ, ЦЛ","ПАО АНК \"Башнефть\" \"Башнефть-Новойл\"",3,77,"Электрод ОЗЛ-8-3","КГ",1.56,180.6,281.73599999999999,"450045, г. Уфа, ПАО АНК \"Башнефть\" \"Башнефть-Новойл\""]
["Электрод ОЗЛ, ЦЛ","ПАО АНК \"Башнефть\" \"Башнефть-Новойл\"",3,78,"Электрод ОЗЛ-8-3","КГ",15,180.6,2709,"450045, г. Уфа, ПАО АНК \"Башнефть\" \"Башнефть-Новойл\""]
["Электрод ОЗЛ, ЦЛ","ПАО АНК \"Башнефть\" \"Башнефть-Новойл\"",3,79,"Электрод ОЗЛ-8-3","КГ",0.62,180.6,111.97199999999999,"450045, г. Уфа, ПАО АНК \"Башнефть\" \"Башнефть-Новойл\""]
["Электрод ОЗЛ, ЦЛ","ПАО АНК \"Башнефть\" \"Башнефть-Новойл\"",3,80,"Электрод ОЗЛ-8-3","КГ",1,180.6,180.6,"450045, г. Уфа, ПАО АНК \"Башнефть\" \"Башнефть-Новойл\""]
["Электрод ОЗЛ, ЦЛ","ПАО АНК \"Башнефть\" \"Башнефть-Новойл\"",3,81,"Электрод ОЗЛ-8-3","КГ",1,180.6,180.6,"450045, г. Уфа, ПАО АНК \"Башнефть\" \"Башнефть-Новойл\""]
["Электрод ОЗЛ, ЦЛ","ПАО АНК \"Башнефть\" \"Башнефть-Новойл\"",3,82,"Электрод ОЗЛ-8-3","КГ",1,180.6,180.6,"450045, г. Уфа, ПАО АНК \"Башнефть\" \"Башнефть-Новойл\""]
["Электрод ОЗЛ, ЦЛ","ПАО АНК \"Башнефть\" \"Башнефть-Новойл\"",3,83,"Электрод ОЗЛ-8-3","КГ",0.8,180.6,144.47999999999999,"450045, г. Уфа, ПАО АНК \"Башнефть\" \"Башнефть-Новойл\""]
["Электрод ОЗЛ, ЦЛ","ПАО АНК \"Башнефть\" \"Башнефть-Новойл\"",3,84,"Электрод ОЗЛ-8-3","КГ",1.4,180.6,252.83999999999997,"450045, г. Уфа, ПАО АНК \"Башнефть\" \"Башнефть-Новойл\""]
["Электрод ОЗЛ, ЦЛ","ПАО АНК \"Башнефть\" \"Башнефть-Новойл\"",3,85,"Электрод ОЗЛ-8-3","КГ",10,180.6,1806,"450045, г. Уфа, ПАО АНК \"Башнефть\" \"Башнефть-Новойл\""]
["Электрод ОЗЛ, ЦЛ","ПАО АНК \"Башнефть\" \"Башнефть-Новойл\"",3,86,"Электрод ОЗЛ-8-3","КГ",0.1,180.6,18.059999999999999,"450045, г. Уфа, ПАО АНК \"Башнефть\" \"Башнефть-Новойл\""]
["Электрод ОЗЛ, ЦЛ","ПАО АНК \"Башнефть\" \"Башнефть-Новойл\"",3,87,"Электрод ОЗЛ-8-3","КГ",6,180.6,1083.5999999999999,"450045, г. Уфа, ПАО АНК \"Башнефть\" \"Башнефть-Новойл\""]
["Электрод ОЗЛ, ЦЛ","ПАО АНК \"Башнефть\" \"Башнефть-Новойл\"",3,88,"Электрод ОЗЛ-8-3","КГ",0.1,180.6,18.059999999999999,"450045, г. Уфа, ПАО АНК \"Башнефть\" \"Башнефть-Новойл\""]
["Электрод ОЗЛ, ЦЛ","ПАО АНК \"Башнефть\" \"Башнефть-Новойл\"",3,89,"Электрод ОЗЛ-8-3","КГ",1.2,180.6,216.72,"450045, г. Уфа, ПАО АНК \"Башнефть\" \"Башнефть-Новойл\""]
["Электрод ОЗЛ, ЦЛ","ПАО АНК \"Башнефть\" \"Башнефть-Новойл\"",3,90,"Электрод ОЗЛ-8-3","КГ",4,180.6,722.4,"450045, г. Уфа, ПАО АНК \"Башнефть\" \"Башнефть-Новойл\""]
["Электрод ОЗЛ, ЦЛ","ПАО АНК \"Башнефть\" \"Башнефть-Новойл\"",3,91,"Электрод ОЗЛ-8-3","КГ",8,180.6,1444.8,"450045, г. Уфа, ПАО АНК \"Башнефть\" \"Башнефть-Новойл\""]
["Электрод ОЗЛ, ЦЛ","ПАО АНК \"Башнефть\" \"Башнефть-Новойл\"",3,92,"Электрод ОЗЛ-8-3","КГ",8,180.6,1444.8,"450045, г. Уфа, ПАО АНК \"Башнефть\" \"Башнефть-Новойл\""]
["Электрод ОЗЛ, ЦЛ","ПАО АНК \"Башнефть\" \"Башнефть-Новойл\"",3,93,"Электрод ОЗЛ-8-3","КГ",2,180.6,361.2,"450045, г. Уфа, ПАО АНК \"Башнефть\" \"Башнефть-Новойл\""]
["Электрод ОЗЛ, ЦЛ","ПАО АНК \"Башнефть\" \"Башнефть-Новойл\"",3,94,"Электрод ОЗЛ-8-3","КГ",28,180.6,5056.8,"450045, г. Уфа, ПАО АНК \"Башнефть\" \"Башнефть-Новойл\""]
["Электрод ОЗЛ, ЦЛ","ПАО АНК \"Башнефть\" \"Башнефть-Новойл\"",3,95,"Электрод ОЗЛ-8-3","КГ",2,180.6,361.2,"450045, г. Уфа, ПАО АНК \"Башнефть\" \"Башнефть-Новойл\""]
["Электрод ОЗЛ, ЦЛ","ПАО АНК \"Башнефть\" \"Башнефть-Новойл\"",3,96,"Электрод ОЗЛ-8-3","КГ",15,180.6,2709,"450045, г. Уфа, ПАО АНК \"Башнефть\" \"Башнефть-Новойл\""]
["Электрод ОЗЛ, ЦЛ","ПАО АНК \"Башнефть\" \"Башнефть-Новойл\"",3,97,"Электрод ОЗЛ-8-3","КГ",4,180.6,722.4,"450045, г. Уфа, ПАО АНК \"Башнефть\" \"Башнефть-Новойл\""]
["Электрод ОЗЛ, ЦЛ","ПАО АНК \"Башнефть\" \"Башнефть-Новойл\"",3,98,"Электрод ОЗЛ-8-3","КГ",1,180.6,180.6,"450045, г. Уфа, ПАО АНК \"Башнефть\" \"Башнефть-Новойл\""]
["Электрод ОЗЛ, ЦЛ","ПАО АНК \"Башнефть\" \"Башнефть-Новойл\"",3,99,"Электрод ЦЛ-11 - 3","КГ",20,208.13,4162.6000000000004,"450045, г. Уфа, ПАО АНК \"Башнефть\" \"Башнефть-Новойл\""]
["Электрод ОЗЛ, ЦЛ","ПАО АНК \"Башнефть\" \"Башнефть-Новойл\"",3,100,"Электрод ЦЛ-11 - 3","КГ",8.9,208.13,1852.357,"450045, г. Уфа, ПАО АНК \"Башнефть\" \"Башнефть-Новойл\""]
["Электрод ОЗЛ, ЦЛ","ПАО АНК \"Башнефть\" \"Башнефть-Новойл\"",3,101,"Электрод ЦЛ-11 - 3","КГ",5,208.13,1040.6500000000001,"450045, г. Уфа, ПАО АНК \"Башнефть\" \"Башнефть-Новойл\""]
["Электрод ОЗЛ, ЦЛ","ПАО АНК \"Башнефть\" \"Башнефть-Новойл\"",3,102,"Электрод ЦЛ-11 - 3","КГ",5,208.13,1040.6500000000001,"450045, г. Уфа, ПАО АНК \"Башнефть\" \"Башнефть-Новойл\""]
["Электрод ОЗЛ, ЦЛ","ПАО АНК \"Башнефть\" \"Башнефть-Новойл\"",3,103,"Электрод ЦЛ-11 - 3","КГ",5,208.13,1040.6500000000001,"450045, г. Уфа, ПАО АНК \"Башнефть\" \"Башнефть-Новойл\""]
["Электрод ОЗЛ, ЦЛ","ПАО АНК \"Башнефть\" \"Башнефть-Новойл\"",3,104,"Электрод ЦЛ-11 - 3","КГ",5,208.13,1040.6500000000001,"450045, г. Уфа, ПАО АНК \"Башнефть\" \"Башнефть-Новойл\""]
["Электрод ОЗЛ, ЦЛ","ПАО АНК \"Башнефть\" \"Башнефть-Новойл\"",3,105,"Электрод ЦЛ-11 - 3","КГ",5,208.13,1040.6500000000001,"450045, г. Уфа, ПАО АНК \"Башнефть\" \"Башнефть-Новойл\""]
["Электрод ОЗЛ, ЦЛ","ПАО АНК \"Башнефть\" \"Башнефть-Новойл\"",3,106,"Электрод ЦЛ-11 - 3","КГ",5,208.13,1040.6500000000001,"450045, г. Уфа, ПАО АНК \"Башнефть\" \"Башнефть-Новойл\""]
["Электрод ОЗЛ, ЦЛ","ПАО АНК \"Башнефть\" \"Башнефть-Новойл\"",3,107,"Электрод ЦЛ-11 - 3","КГ",3.3,208.13,686.82899999999995,"450045, г. Уфа, ПАО АНК \"Башнефть\" \"Башнефть-Новойл\""]
["Электрод ОЗЛ, ЦЛ","ПАО АНК \"Башнефть\" \"Башнефть-Новойл\"",3,108,"Электрод ЦЛ-11 - 3","КГ",2.2999999999999998,208.13,478.69899999999996,"450045, г. Уфа, ПАО АНК \"Башнефть\" \"Башнефть-Новойл\""]
["Электрод ОЗЛ, ЦЛ","ПАО АНК \"Башнефть\" \"Башнефть-Новойл\"",3,109,"Электрод ЦЛ-11 - 3","КГ",2.2999999999999998,208.13,478.69899999999996,"450045, г. Уфа, ПАО АНК \"Башнефть\" \"Башнефть-Новойл\""]
["Электрод ОЗЛ, ЦЛ","ПАО АНК \"Башнефть\" \"Башнефть-Новойл\"",3,110,"Электрод ЦЛ-11 - 3","КГ",2.2999999999999998,208.13,478.69899999999996,"450045, г. Уфа, ПАО АНК \"Башнефть\" \"Башнефть-Новойл\""]
["Электрод ОЗЛ, ЦЛ","ПАО АНК \"Башнефть\" \"Башнефть-Новойл\"",3,111,"Электрод ЦЛ-11 - 3","КГ",2.2999999999999998,208.13,478.69899999999996,"450045, г. Уфа, ПАО АНК \"Башнефть\" \"Башнефть-Новойл\""]
["Электрод ОЗЛ, ЦЛ","ПАО АНК \"Башнефть\" \"Башнефть-Новойл\"",3,112,"Электрод ЦЛ-11 - 3","КГ",2.2999999999999998,208.13,478.69899999999996,"450045, г. Уфа, ПАО АНК \"Башнефть\" \"Башнефть-Новойл\""]
["Электрод ОЗЛ, ЦЛ","ПАО АНК \"Башнефть\" \"Башнефть-Новойл\"",3,113,"Электрод ЦЛ-11 - 3","КГ",2.2999999999999998,208.13,478.69899999999996,"450045, г. Уфа, ПАО АНК \"Башнефть\" \"Башнефть-Новойл\""]
["Электрод ОЗЛ, ЦЛ","ПАО АНК \"Башнефть\" \"Башнефть-Новойл\"",3,114,"Электрод ЦЛ-11 - 3","КГ",2.2999999999999998,208.13,478.69899999999996,"450045, г. Уфа, ПАО АНК \"Башнефть\" \"Башнефть-Новойл\""]
["Электрод ОЗЛ, ЦЛ","ПАО АНК \"Башнефть\" \"Башнефть-Новойл\"",3,115,"Электрод ЦЛ-11 - 3","КГ",2.2999999999999998,208.13,478.69899999999996,"450045, г. Уфа, ПАО АНК \"Башнефть\" \"Башнефть-Новойл\""]
["Электрод ОЗЛ, ЦЛ","ПАО АНК \"Башнефть\" \"Башнефть-Новойл\"",3,116,"Электрод ЦЛ-11 - 3","КГ",2.2999999999999998,208.13,478.69899999999996,"450045, г. Уфа, ПАО АНК \"Башнефть\" \"Башнефть-Новойл\""]
["Электрод ОЗЛ, ЦЛ","ПАО АНК \"Башнефть\" \"Башнефть-Новойл\"",3,117,"Электрод ЦЛ-11 - 3","КГ",1.8,208.13,374.63400000000001,"450045, г. Уфа, ПАО АНК \"Башнефть\" \"Башнефть-Новойл\""]
["Электрод ОЗЛ, ЦЛ","ПАО АНК \"Башнефть\" \"Башнефть-Новойл\"",3,118,"Электрод ЦЛ-11 - 3","КГ",0.5,208.13,104.065,"450045, г. Уфа, ПАО АНК \"Башнефть\" \"Башнефть-Новойл\""]
["Электрод ОЗЛ, ЦЛ","ПАО АНК \"Башнефть\" \"Башнефть-Новойл\"",3,119,"Электрод ЦЛ-11 - 3","КГ",0.5,208.13,104.065,"450045, г. Уфа, ПАО АНК \"Башнефть\" \"Башнефть-Новойл\""]
["Электрод ОЗЛ, ЦЛ","ПАО АНК \"Башнефть\" \"Башнефть-Новойл\"",3,120,"Электрод ЦЛ-11 - 3","КГ",0.5,208.13,104.065,"450045, г. Уфа, ПАО АНК \"Башнефть\" \"Башнефть-Новойл\""]
["Электрод ОЗЛ, ЦЛ","ПАО АНК \"Башнефть\" \"Башнефть-Новойл\"",3,121,"Электрод ЦЛ-11 - 3","КГ",0.5,208.13,104.065,"450045, г. Уфа, ПАО АНК \"Башнефть\" \"Башнефть-Новойл\""]
["Электрод ОЗЛ, ЦЛ","ПАО АНК \"Башнефть\" \"Башнефть-Новойл\"",3,122,"Электрод ЦЛ-11 - 3","КГ",0.5,208.13,104.065,"450045, г. Уфа, ПАО АНК \"Башнефть\" \"Башнефть-Новойл\""]
["Электрод ОЗЛ, ЦЛ","ПАО АНК \"Башнефть\" \"Башнефть-Новойл\"",3,123,"Электрод ЦЛ-17 - 3","КГ",5.5,172.24,947.32,"450045, г. Уфа, ПАО АНК \"Башнефть\" \"Башнефть-Новойл\""]
["Электрод ОЗЛ, ЦЛ","ПАО АНК \"Башнефть\" \"Башнефть-Новойл\"",3,124,"Электрод ЦЛ-17 - 3","КГ",8.5,172.24,1464.04,"450045, г. Уфа, ПАО АНК \"Башнефть\" \"Башнефть-Новойл\""]
["Электрод ОЗЛ, ЦЛ","ПАО АНК \"Башнефть\" \"Башнефть-Новойл\"",3,125,"Электрод Э-04Х20Н9 ОЗЛ-36 4мм ГОСТ 9467","КГ",15,247.78,3716.7,"450045, г. Уфа, ПАО АНК \"Башнефть\" \"Башнефть-Новойл\""]
["Электрод УОНИ","ПАО АНК \"Башнефть\" \"Башнефть-Новойл\"",4,126,"Электрод УОНИ-13/45 - 3","КГ",48.9,119.7,5853.33,"450045, г. Уфа, ПАО АНК \"Башнефть\" \"Башнефть-Новойл\""]
["Электрод УОНИ","ПАО АНК \"Башнефть\" \"Башнефть-Новойл\"",4,127,"Электрод УОНИ-13/45 - 3","КГ",599.53,119.7,71763.740999999995,"450045, г. Уфа, ПАО АНК \"Башнефть\" \"Башнефть-Новойл\""]
["Электрод УОНИ","ПАО АНК \"Башнефть\" \"Башнефть-Новойл\"",4,128,"Электрод УОНИ-13/45 - 3","КГ",1687.537,119.7,201998.1789,"450045, г. Уфа, ПАО АНК \"Башнефть\" \"Башнефть-Новойл\""]
["Электрод УОНИ","ПАО АНК \"Башнефть\" \"Башнефть-Новойл\"",4,129,"Электрод УОНИ-13/45 - 3","КГ",60.24,119.7,7210.7280000000001,"450045, г. Уфа, ПАО АНК \"Башнефть\" \"Башнефть-Новойл\""]
["Электрод УОНИ","ПАО АНК \"Башнефть\" \"Башнефть-Новойл\"",4,130,"Электрод УОНИ-13/45 - 3","КГ",532.53599999999994,119.7,63744.559199999996,"450045, г. Уфа, ПАО АНК \"Башнефть\" \"Башнефть-Новойл\""]
["Электрод УОНИ","ПАО АНК \"Башнефть\" \"Башнефть-Новойл\"",4,131,"Электрод УОНИ-13/45 - 3","КГ",3.5329999999999999,119.7,422.90010000000001,"450045, г. Уфа, ПАО АНК \"Башнефть\" \"Башнефть-Новойл\""]
["Электрод УОНИ","ПАО АНК \"Башнефть\" \"Башнефть-Новойл\"",4,132,"Электрод УОНИ-13/45 - 3","КГ",14.76,119.7,1766.7719999999999,"450045, г. Уфа, ПАО АНК \"Башнефть\" \"Башнефть-Новойл\""]
["Электрод УОНИ","ПАО АНК \"Башнефть\" \"Башнефть-Новойл\"",4,133,"Электрод УОНИ-13/45 - 3","КГ",52,119.7,6224.4000000000005,"450045, г. Уфа, ПАО АНК \"Башнефть\" \"Башнефть-Новойл\""]
["Электрод УОНИ","ПАО АНК \"Башнефть\" \"Башнефть-Новойл\"",4,134,"Электрод УОНИ-13/45 - 3","КГ",1630,119.7,195111,"450045, г. Уфа, ПАО АНК \"Башнефть\" \"Башнефть-Новойл\""]
["Электрод УОНИ","ПАО АНК \"Башнефть\" \"Башнефть-Новойл\"",4,135,"Электрод УОНИ-13/45 - 3","КГ",25,119.7,2992.5,"450045, г. Уфа, ПАО АНК \"Башнефть\" \"Башнефть-Новойл\""]
["Электрод УОНИ","ПАО АНК \"Башнефть\" \"Башнефть-Новойл\"",4,136,"Электрод УОНИ-13/45 - 3","КГ",19,119.7,2274.3000000000002,"450045, г. Уфа, ПАО АНК \"Башнефть\" \"Башнефть-Новойл\""]
["Электрод УОНИ","ПАО АНК \"Башнефть\" \"Башнефть-Новойл\"",4,137,"Электрод УОНИ-13/45 - 3","КГ",15,119.7,1795.5,"450045, г. Уфа, ПАО АНК \"Башнефть\" \"Башнефть-Новойл\""]
["Электрод УОНИ","ПАО АНК \"Башнефть\" \"Башнефть-Новойл\"",4,138,"Электрод УОНИ-13/45 - 3","КГ",10,119.7,1197,"450045, г. Уфа, ПАО АНК \"Башнефть\" \"Башнефть-Новойл\""]
["Электрод УОНИ","ПАО АНК \"Башнефть\" \"Башнефть-Новойл\"",4,139,"Электрод УОНИ-13/45 - 3","КГ",0.56000000000000005,119.7,67.032000000000011,"450045, г. Уфа, ПАО АНК \"Башнефть\" \"Башнефть-Новойл\""]
["Электрод УОНИ","ПАО АНК \"Башнефть\" \"Башнефть-Новойл\"",4,140,"Электрод УОНИ-13/45 - 4","КГ",2690.23,39.9,107340.177,"450045, г. Уфа, ПАО АНК \"Башнефть\" \"Башнефть-Новойл\""]
["Электрод УОНИ","ПАО АНК \"Башнефть\" \"Башнефть-Новойл\"",4,141,"Электрод УОНИ-13/45 - 4","КГ",5064,39.9,202053.6,"450045, г. Уфа, ПАО АНК \"Башнефть\" \"Башнефть-Новойл\""]
["Электрод УОНИ","ПАО АНК \"Башнефть\" \"Башнефть-Новойл\"",4,142,"Электрод УОНИ-13/45 - 4","КГ",5640,39.9,225036,"450045, г. Уфа, ПАО АНК \"Башнефть\" \"Башнефть-Новойл\""]
["Электрод УОНИ","ПАО АНК \"Башнефть\" \"Башнефть-Новойл\"",4,143,"Электрод УОНИ-13/45 - 4","КГ",6092,39.9,243070.8,"450045, г. Уфа, ПАО АНК \"Башнефть\" \"Башнефть-Новойл\""]
["Электрод УОНИ","ПАО АНК \"Башнефть\" \"Башнефть-Новойл\"",4,144,"Электрод УОНИ-13/45 - 4","КГ",3720,39.9,148428,"450045, г. Уфа, ПАО АНК \"Башнефть\" \"Башнефть-Новойл\""]
["Электрод УОНИ","ПАО АНК \"Башнефть\" \"Башнефть-Новойл\"",4,145,"Электрод УОНИ-13/45 - 4","КГ",6305,39.9,251569.5,"450045, г. Уфа, ПАО АНК \"Башнефть\" \"Башнефть-Новойл\""]
["Электрод УОНИ","ПАО АНК \"Башнефть\" \"Башнефть-Новойл\"",4,146,"Электрод УОНИ-13/45 - 4","КГ",9788,39.9,390541.2,"450045, г. Уфа, ПАО АНК \"Башнефть\" \"Башнефть-Новойл\""]
["Электрод УОНИ","ПАО АНК \"Башнефть\" \"Башнефть-Новойл\"",4,147,"Электрод УОНИ-13/45 - 4","КГ",4337.68,39.9,173073.432,"450045, г. Уфа, ПАО АНК \"Башнефть\" \"Башнефть-Новойл\""]
["Электрод УОНИ","ПАО АНК \"Башнефть\" \"Башнефть-Новойл\"",4,148,"Электрод УОНИ-13/45 - 4","КГ",112.5,39.9,4488.75,"450045, г. Уфа, ПАО АНК \"Башнефть\" \"Башнефть-Новойл\""]
["Электрод УОНИ","ПАО АНК \"Башнефть\" \"Башнефть-Новойл\"",4,149,"Электрод УОНИ-13/45 - 4","КГ",199.1,39.9,7944.0899999999992,"450045, г. Уфа, ПАО АНК \"Башнефть\" \"Башнефть-Новойл\""]
["Электрод УОНИ","ПАО АНК \"Башнефть\" \"Башнефть-Новойл\"",4,150,"Электрод УОНИ-13/45 - 4","КГ",199.99799999999999,39.9,7979.9201999999996,"450045, г. Уфа, ПАО АНК \"Башнефть\" \"Башнефть-Новойл\""]
["Электрод УОНИ","ПАО АНК \"Башнефть\" \"Башнефть-Новойл\"",4,151,"Электрод УОНИ-13/45 - 4","КГ",6833.46,39.9,272655.054,"450045, г. Уфа, ПАО АНК \"Башнефть\" \"Башнефть-Новойл\""]
["Электрод УОНИ","ПАО АНК \"Башнефть\" \"Башнефть-Новойл\"",4,152,"Электрод УОНИ-13/45 - 4","КГ",2380,39.9,94962,"450045, г. Уфа, ПАО АНК \"Башнефть\" \"Башнефть-Новойл\""]
["Электрод УОНИ","ПАО АНК \"Башнефть\" \"Башнефть-Новойл\"",4,153,"Электрод УОНИ-13/45 - 4","КГ",831.3,39.9,33168.869999999995,"450045, г. Уфа, ПАО АНК \"Башнефть\" \"Башнефть-Новойл\""]
["Электрод УОНИ","ПАО АНК \"Башнефть\" \"Башнефть-Новойл\"",4,154,"Электрод УОНИ-13/45 - 4","КГ",800,39.9,31920,"450045, г. Уфа, ПАО АНК \"Башнефть\" \"Башнефть-Новойл\""]
["Электрод УОНИ","ПАО АНК \"Башнефть\" \"Башнефть-Новойл\"",4,155,"Электрод УОНИ-13/45 - 4","КГ",630,39.9,25137,"450045, г. Уфа, ПАО АНК \"Башнефть\" \"Башнефть-Новойл\""]
["Электрод УОНИ","ПАО АНК \"Башнефть\" \"Башнефть-Новойл\"",4,156,"Электрод УОНИ-13/45 - 4","КГ",280,39.9,11172,"450045, г. Уфа, ПАО АНК \"Башнефть\" \"Башнефть-Новойл\""]
["Электрод УОНИ","ПАО АНК \"Башнефть\" \"Башнефть-Новойл\"",4,157,"Электрод УОНИ-13/45 - 4","КГ",253.18,39.9,10101.882,"450045, г. Уфа, ПАО АНК \"Башнефть\" \"Башнефть-Новойл\""]
["Электрод УОНИ","ПАО АНК \"Башнефть\" \"Башнефть-Новойл\"",4,158,"Электрод УОНИ-13/45 - 4","КГ",177.03899999999999,39.9,7063.8560999999991,"450045, г. Уфа, ПАО АНК \"Башнефть\" \"Башнефть-Новойл\""]
["Электрод УОНИ","ПАО АНК \"Башнефть\" \"Башнефть-Новойл\"",4,159,"Электрод УОНИ-13/45 - 4","КГ",85,39.9,3391.5,"450045, г. Уфа, ПАО АНК \"Башнефть\" \"Башнефть-Новойл\""]
["Электрод УОНИ","ПАО АНК \"Башнефть\" \"Башнефть-Новойл\"",4,160,"Электрод УОНИ-13/45 - 4","КГ",48.6,39.9,1939.14,"450045, г. Уфа, ПАО АНК \"Башнефть\" \"Башнефть-Новойл\""]
["Электрод УОНИ","ПАО АНК \"Башнефть\" \"Башнефть-Новойл\"",4,161,"Электрод УОНИ-13/45 - 4","КГ",29.77,39.9,1187.8229999999999,"450045, г. Уфа, ПАО АНК \"Башнефть\" \"Башнефть-Новойл\""]
["Электрод УОНИ","ПАО АНК \"Башнефть\" \"Башнефть-Новойл\"",4,162,"Электрод УОНИ-13/45 - 4","КГ",0.02,39.9,0.79800000000000004,"450045, г. Уфа, ПАО АНК \"Башнефть\" \"Башнефть-Новойл\""]
["Электрод УОНИ","ПАО АНК \"Башнефть\" \"Башнефть-Новойл\"",4,163,"Электрод УОНИ-13/55 4мм","КГ",7,29.89,209.23000000000002,"450045, г. Уфа, ПАО АНК \"Башнефть\" \"Башнефть-Новойл\""]
["Электрод УОНИ","ПАО АНК \"Башнефть\" \"Башнефть-Новойл\"",4,164,"Электрод Э42А УОНИ-13/45 5мм ГОСТ 9466","КГ",4.3,36.31,156.13300000000001,"450045, г. Уфа, ПАО АНК \"Башнефть\" \"Башнефть-Новойл\""]
["Электрод УОНИ","ПАО АНК \"Башнефть\" \"Башнефть-Новойл\"",4,165,"Электрод Э42А УОНИ-13/45 5мм ГОСТ 9466","КГ",138.69999999999999,37.24,5165.1880000000001,"450045, г. Уфа, ПАО АНК \"Башнефть\" \"Башнефть-Новойл\""]
["Электрод УОНИ","ПАО АНК \"Башнефть\" \"Башнефть-Новойл\"",4,166,"Электрод Э45А УОНИИ-13/45 5мм ГОСТ 9467","КГ",155,46.85,7261.75,"450045, г. Уфа, ПАО АНК \"Башнефть\" \"Башнефть-Новойл\""]
["Электрод УОНИ","ПАО АНК \"Башнефть\" \"Башнефть-Новойл\"",4,167,"Электрод УОНИ-13/45 - 3","КГ",978.36,119.7,{"$f":"G171*H171","v":117109.69200000001},"450045, г. Уфа, ПАО АНК \"Башнефть\" \"Башнефть-Новойл\""]
["Электрод УОНИ","ПАО АНК \"Башнефть\" \"Башнефть-Новойл\"",4,168,"Электрод УОНИ-13/45 - 3","КГ",15,119.7,1795.5,"450045, г. Уфа, ПАО АНК \"Башнефть\" \"Башнефть-Новойл\""]
["Электрод УОНИ","ПАО АНК \"Башнефть\" \"Башнефть-Новойл\"",4,169,"Электрод УОНИ-13/45 - 3","КГ",13.103999999999999,119.7,1568.5488,"450045, г. Уфа, ПАО АНК \"Башнефть\" \"Башнефть-Новойл\""]
["Электрод УОНИ","ПАО АНК \"Башнефть\" \"Башнефть-Новойл\"",4,170,"Электрод УОНИ-13/45 - 3","КГ",0.5,119.7,59.85,"450045, г. Уфа, ПАО АНК \"Башнефть\" \"Башнефть-Новойл\""]
["Электрод УОНИ","ПАО АНК \"Башнефть\" \"Башнефть-Новойл\"",4,171,"Электрод УОНИ-13/45 - 3","КГ",5,119.7,598.5,"450045, г. Уфа, ПАО АНК \"Башнефть\" \"Башнефть-Новойл\""]
["Электрод УОНИ","ПАО АНК \"Башнефть\" \"Башнефть-Новойл\"",4,172,"Электрод УОНИ-13/45 - 3","КГ",90.103999999999999,119.7,10785.4488,"450045, г. Уфа, ПАО АНК \"Башнефть\" \"Башнефть-Новойл\""]
["Электрод УОНИ","ПАО АНК \"Башнефть\" \"Башнефть-Новойл\"",4,173,"Электрод УОНИ-13/45 - 3","КГ",59.896000000000001,119.7,7169.5511999999999,"450045, г. Уфа, ПАО АНК \"Башнефть\" \"Башнефть-Новойл\""]
["Электрод УОНИ","ПАО АНК \"Башнефть\" \"Башнефть-Новойл\"",4,174,"Электрод УОНИ-13/45 - 3","КГ",55.76,119.7,6674.4719999999998,"450045, г. Уфа, ПАО АНК \"Башнефть\" \"Башнефть-Новойл\""]
["Электрод УОНИ","ПАО АНК \"Башнефть\" \"Башнефть-Новойл\"",4,175,"Электрод УОНИ-13/45 - 3","КГ",105.47,119.7,12624.759,"450045, г. Уфа, ПАО АНК \"Башнефть\" \"Башнефть-Новойл\""]
["Электрод УОНИ","ПАО АНК \"Башнефть\" \"Башнефть-Новойл\"",4,176,"Электрод УОНИ-13/45 - 3","КГ",40,119.7,4788,"450045, г. Уфа, ПАО АНК \"Башнефть\" \"Башнефть-Новойл\""]
["Электрод УОНИ","ПАО АНК \"Башнефть\" \"Башнефть-Новойл\"",4,177,"Электрод УОНИ-13/45 - 3","КГ",10,119.7,1197,"450045, г. Уфа, ПАО АНК \"Башнефть\" \"Башнефть-Новойл\""]
["Электрод УОНИ","ПАО АНК \"Башнефть\" \"Башнефть-Новойл\"",4,178,"Электрод УОНИ-13/45 - 3","КГ",9.74,119.7,1165.8780000000002,"450045, г. Уфа, ПАО АНК \"Башнефть\" \"Башнефть-Новойл\""]
["Электрод УОНИ","ПАО АНК \"Башнефть\" \"Башнефть-Новойл\"",4,179,"Электрод УОНИ-13/45 - 3","КГ",8,119.7,957.6,"450045, г. Уфа, ПАО АНК \"Башнефть\" \"Башнефть-Новойл\""]
["Электрод УОНИ","ПАО АНК \"Башнефть\" \"Башнефть-Новойл\"",4,180,"Электрод УОНИ-13/45 - 3","КГ",55,119.7,6583.5,"450045, г. Уфа, ПАО АНК \"Башнефть\" \"Башнефть-Новойл\""]
["Электрод УОНИ","ПАО АНК \"Башнефть\" \"Башнефть-Новойл\"",4,181,"Электрод УОНИ-13/45 - 4","КГ",229,39.9,9137.1,"450045, г. Уфа, ПАО АНК \"Башнефть\" \"Башнефть-Новойл\""]
["Электрод УОНИ","ПАО АНК \"Башнефть\" \"Башнефть-Новойл\"",4,182,"Электрод УОНИ-13/45 - 4","КГ",150,39.9,5985,"450045, г. Уфа, ПАО АНК \"Башнефть\" \"Башнефть-Новойл\""]
["Электрод УОНИ","ПАО АНК \"Башнефть\" \"Башнефть-Новойл\"",4,183,"Электрод УОНИ-13/45 - 4","КГ",92.960999999999999,39.9,3709.1439,"450045, г. Уфа, ПАО АНК \"Башнефть\" \"Башнефть-Новойл\""]
["Электрод УОНИ","ПАО АНК \"Башнефть\" \"Башнефть-Новойл\"",4,184,"Электрод УОНИ-13/45 - 4","КГ",57.74,39.9,2303.826,"450045, г. Уфа, ПАО АНК \"Башнефть\" \"Башнефть-Новойл\""]
["Электрод УОНИ","ПАО АНК \"Башнефть\" \"Башнефть-Новойл\"",4,185,"Электрод УОНИ-13/45 - 4","КГ",10,39.9,399,"450045, г. Уфа, ПАО АНК \"Башнефть\" \"Башнефть-Новойл\""]
["Электрод УОНИ","ПАО АНК \"Башнефть\" \"Башнефть-Новойл\"",4,186,"Электрод УОНИ-13/45 - 4","КГ",20.3,39.9,809.97,"450045, г. Уфа, ПАО АНК \"Башнефть\" \"Башнефть-Новойл\""]
["Прочие сварочные материалы","ПАО АНК \"Башнефть\" \"Башнефть-Новойл\"",5,187,"Пруток присад. OK Tigrod 12.60 2мм","КГ",2,64.66,129.32,"450045, г. Уфа, ПАО АНК \"Башнефть\" \"Башнефть-Новойл\""]
["Прочие сварочные материалы","ПАО АНК \"Башнефть\" \"Башнефть-Новойл\"",5,188,"Электрод МР-3 - 5","КГ",15,38.04,570.6,"450045, г. Уфа, ПАО АНК \"Башнефть\" \"Башнефть-Новойл\""]
["Прочие сварочные материалы","ПАО АНК \"Башнефть\" \"Башнефть-Новойл\"",5,189,"Электрод МР-3 - 5","КГ",166,39.83,6611.78,"450045, г. Уфа, ПАО АНК \"Башнефть\" \"Башнефть-Новойл\""]
["Прочие сварочные материалы","ПАО АНК \"Башнефть\" \"Башнефть-Новойл\"",5,190,"Электрод МР-3 - 5","КГ",1872,40.119999999999997,75104.639999999999,"450045, г. Уфа, ПАО АНК \"Башнефть\" \"Башнефть-Новойл\""]
["Прочие сварочные материалы","ПАО АНК \"Башнефть\" \"Башнефть-Новойл\"",5,191,"Электрод МР-3 - 5","КГ",14,39.1,547.4,"450045, г. Уфа, ПАО АНК \"Башнефть\" \"Башнефть-Новойл\""]
["Прочие сварочные материалы","ПАО АНК \"Башнефть\" \"Башнефть-Новойл\"",5,192,"Электрод МР-3 - 5","КГ",2,40.119999999999997,80.239999999999995,"450045, г. Уфа, ПАО АНК \"Башнефть\" \"Башнефть-Новойл\""]
["Прочие сварочные материалы","ПАО АНК \"Башнефть\" \"Башнефть-Новойл\"",5,193,"Электрод ОЗС-12 - 4","КГ",2000,86.1,172200,"450045, г. Уфа, ПАО АНК \"Башнефть\" \"Башнефть-Новойл\""]
["Прочие сварочные материалы","ПАО АНК \"Башнефть\" \"Башнефть-Новойл\"",5,194,"Электрод ОЗС-12 - 4","КГ",65.5,86.1,5639.5499999999993,"450045, г. Уфа, ПАО АНК \"Башнефть\" \"Башнефть-Новойл\""]

{"sheet":"Лист1","index":1,"n_rows":0,"n_cols":0,"rows_kept":0,"cut":false,"hidden":false,"merged":[]}